00272nam a22000977a 4500040000900000082002100009100002700030245003900057260003900096650003900135 cNUST a358.40095491 KAM a Ahmad, Air Cdre Kama aUntold Tales of Pakistan Air Force aIslamabad:bThe Army press,c2005. aUntold Tales of Pakistan Air Force